Implementing electronic document and record management systems /

Bibliographic Details
Main Author: Adam, Azad
Format: Book
Language:English
Published: Boca Raton : Auerbach Publications, [2008]
Subjects:
Online Access:Table of contents only

MARC

Tag First Indicator Second Indicator Subfields
LEADER 00000cam a22000004a 4500
001 in00002339655
005 20151108045405.0
008 070410s2008 flua b 001 0 eng
010 |a  2007013892 
020 |a 9780849380594 (alk. paper) 
020 |a 0849380596 (alk. paper) 
035 |a (OCoLC)ocn123029315 
035 |a (OCoLC)123029315 
040 |a DLC  |c DLC  |d BAKER  |d BTCTA  |d C#P  |d YDXCP  |d UtOrBLW 
049 |a TXAM 
050 0 0 |a HF5738  |b .A32 2008 
082 0 0 |a 651.5/9  |2 22 
100 1 |a Adam, Azad. 
245 1 0 |a Implementing electronic document and record management systems /  |c Azad Adam. 
264 1 |a Boca Raton :  |b Auerbach Publications,  |c [2008] 
264 4 |c ©2008 
300 |a xxv, 254 pages :  |b illustrations ;  |c 25 cm. 
336 |a text  |b txt  |2 rdacontent 
337 |a unmediated  |b n  |2 rdamedia 
338 |a volume  |b nc  |2 rdacarrier 
504 |a Includes bibliographical references (pages 241-243) and index. 
650 0 |a Electronic filing systems. 
650 0 |a Business records  |x Data processing  |x Management. 
650 0 |a Public records  |x Data processing  |x Management. 
650 0 |a Medical records  |x Data processing  |x Management. 
650 0 |a Records  |x Management  |x Data processing. 
650 0 |a Electronic records  |x Management. 
650 0 |a Text processing (Computer science) 
856 4 1 |3 Table of contents only  |u http://www.loc.gov/catdir/toc/ecip0715/2007013892.html  |t 0 
938 |a Baker & Taylor  |b BKTY  |c 89.95  |d 89.95  |i 0849380596  |n 0006849973  |s active 
938 |a Baker and Taylor  |b BTCP  |n 2007013892 
938 |a YBP Library Services  |b YANK  |n 2553140 
945 |a PromptCat  |b 248453 
946 |a west,stk 
947 |a A14836473725 
948 |a cataloged  |b h  |c 2007/10/24  |d c  |e achopde  |f 1:44:35 pm 
994 |a 92  |b TXA 
999 |a MARS 
999 f f |s b2158b48-0735-3651-9083-920ec0b0d1ad  |i f90dd7ad-5614-32ec-b177-c18d74d9d0c2  |t 0 
952 f f |p ric  |a Texas A&M University  |b Rellis Campus  |c Joint Library Facility  |d Remote Storage  |t 0  |e HF5738 .A32 2008  |h Library of Congress classification  |i unmediated -- volume  |m A14836473725 
998 f f |a HF5738 .A32 2008  |t 0  |l Remote Storage